|
|
|
|
| LEADER |
00000nam0a2200000 4500 |
| 001 |
156919 |
| 005 |
20231101221931.0 |
| 010 |
|
|
|a 9785941782031
|
| 035 |
|
|
|a (RuTPU)RU\TPU\book\170171
|
| 090 |
|
|
|a 156919
|
| 100 |
|
|
|a 20090401d2009 m y0rusy50 ca
|
| 101 |
0 |
|
|a rus
|
| 102 |
|
|
|a RU
|
| 105 |
|
|
|a a j 001zy
|
| 200 |
1 |
|
|a Резание материалов
|e учебное пособие
|f А. И. Барботько, А. В. Масленников
|
| 210 |
|
|
|a Старый Оскол
|c ТНТ
|d 2009
|
| 215 |
|
|
|a 432 с.
|c ил.
|
| 320 |
|
|
|a Библиогр.: с. 356-360.
|
| 330 |
|
|
|a Учебное пособие содержит материалы, позволяющие обучающимся изучить и закрепить знания по основам резания материалов. В книге, помимо необходимых теоретических данных, приводятся и расчётные задачи с использованием современных представлений о процессах резания, методов моделирования и алгоритмов решения поставленных задач.Учебное пособие предназначено для студентов, обучающихся по программам подготовки бакалавров, магистров, специалистов и будет полезно для инженеров и аспирантов ведущих исследовательскую работу.
|
| 606 |
1 |
|
|a Резание материалов
|2 stltpush
|3 (RuTPU)RU\TPU\subj\24497
|9 48835
|
| 610 |
1 |
|
|a материалы
|
| 610 |
1 |
|
|a обработка резанием
|
| 610 |
1 |
|
|a экономические соотношения
|
| 610 |
1 |
|
|a модели
|
| 610 |
1 |
|
|a технологические соотношения
|
| 610 |
1 |
|
|a алгоритмы
|
| 610 |
1 |
|
|a режущие инструменты
|
| 610 |
1 |
|
|a рабочие части
|
| 610 |
1 |
|
|a моделирование
|
| 610 |
1 |
|
|a параметрирование
|
| 610 |
1 |
|
|a многопереходные процессы
|
| 610 |
1 |
|
|a операции
|
| 610 |
1 |
|
|a заготовки
|
| 610 |
1 |
|
|a тепловые деформации
|
| 610 |
1 |
|
|a изделия
|
| 610 |
1 |
|
|a формообразование
|
| 610 |
1 |
|
|a теоретические данные
|
| 610 |
1 |
|
|a расчетные задачи
|
| 610 |
1 |
|
|a расчетно-графические работы
|
| 610 |
1 |
|
|a учебные пособия
|
| 675 |
|
|
|a 621.91(075.8)
|v 3
|
| 700 |
|
1 |
|a Барботько
|b А. И.
|g Анатолий Иванович
|
| 701 |
|
1 |
|a Масленников
|b А. В.
|g Андрей Владимирович
|
| 801 |
|
1 |
|a RU
|b 63413507
|c 20090401
|g PSBO
|
| 801 |
|
2 |
|a RU
|b 63413507
|c 20150707
|g RCR
|
| 942 |
|
|
|c BK
|
| 959 |
|
|
|a 42/20090330
|d 2
|e 0
|f АНЛ:1
|f ЧЗТЛ:1
|
| 959 |
|
|
|a 28/20100429
|d 2
|e 334,00
|f АНЛ:1
|f ЧЗТЛ:1
|